Last Lines Before Dying Quiz Stats

Quiz Updated Nov 26, 2011

Challenge
Share
Tweet
Embed
Score 0/18 Timer 05:00
1 Play Today
Last Line Movie % Correct
Who would have thought a good little girl like you could destroy my beautiful wickedness? Oooooh, look out! I'm going! Oooooh! Ooooooh! The Wizard of Oz (Wicked Witch of the West)
80.4%
Rosebud...Citizen Kane (Charles Foster Kane)
68.3%
That's the idea... I've been looking forward to this for a long time. Star Wars (Greedo)
61.3%
I know about you, Colin. You know I'd never give you up. You're like a... The Departed (Frank Costello)
59%
Go ahead! I take your ****ing bullets! You think you kill me with bullets? I take your ****ing bullets! Go ahead! Scarface (Tony Montana)
43.7%
Oh no!Goodfellas (Tommy DeVito)
42.5%
Man, oh man. Man, oh man, oh man, oh man, oh man. American Beauty (Lester Burnham)
37.4%
Become vengeance, David. Become wrath. Se7en (John Doe)
33.2%
Heil HitlerSchindler's List (Amon Goeth)
30.3%
Last Line Movie % Correct
The horror...the horror...Apocalypse Now (Col Walter Kurtz)
29.8%
Shadows and dustGladiator (Proximo)
28.8%
James, earn this... earn it. Saving Private Ryan (Captain Miller)
26.6%
Tell our story Christian, that way I'll always be with you. Moulin Rouge! (Satine)
24.3%
I'm glad it's you. Road to Perdition (John Rooney)
22.6%
An old man dies. A young woman lives. Fair trade. I love you, Nancy. Sin City (John Hartigan)
20.3%
I'll see you in Hell, William Munny. Unforgiven (Little Bill Daggett)
17.9%
Rollo Tomasi...L.A. Confidential (Jack Vincennes)
17%
Made it Ma! Top of the world!White Heat (Cody Jarrett)
12.1%

You're not logged in!

Compare scores with friends on all Sporcle quizzes.
Join for Free
OR
Log In

You Might Also Like...

Show Comments

Extras

Top Quizzes Today


Score Distribution

Your Account Isn't Verified!

In order to create a playlist on Sporcle, you need to verify the email address you used during registration. Go to your Sporcle Settings to finish the process.

Report this User

Report this user for behavior that violates our Community Guidelines.

Details: